Afrikanske hovedstæder - Statistics

General Stats
  • This quiz has been taken 7 times
  • The average score is 16 of 53
Answers on the Map
Answers color-coded by a green-red scale on the quiz's map according to % correct below.
 
Answer Stats
Land Hovedstad % Correct
Egypten Cairo
100%
Sydafrika Cape Town
100%
Marokko Rabat
100%
Etiopien Addis Abeba
75%
Algeriet Algier
75%
Kenya Nairobi
75%
Tunesien Tunis
75%
Ghana Accra
50%
Madagaskar Antananarivo
50%
Gambia Banjul
50%
Djibouti Djibouti
50%
Togo Lome
50%
Somalia Mogadishu
50%
Burkina Faso Ouagadougou
50%
Nigeria Abuja
25%
Eritrea Asmara
25%
Guinea-Bissau Bissau
25%
Congo Brazzaville
25%
Senegal Dakar
25%
Tanzania Dodoma
25%
Sierra Leone Freetown
25%
Botswana Gaborone
25%
Burundi Gitega
25%
Zimbabwe Harare
25%
Sydsudan Juba
25%
Uganda Kampala
25%
Rwanda Kigali
25%
Demokratiske Republik Congo Kinshasa
25%
Angola Luanda
25%
Zambia Lusaka
25%
Ækvatorialguinea Malabo
25%
Mozambique Maputo
25%
Lesotho Maseru
25%
Liberia Monrovia
25%
Mauritius Port louis
25%
Kap Verde Praia
25%
Sao Tome og Principe Sao Tome
25%
Libyen Tripoli
25%
Seychellerne Victoria
25%
Elfenbenskysten Yamoussoukro
25%
Mali Bamako
0%
Centralafrikanske republik Bangui
0%
Guinea Conakry
0%
Sudan Khartoum
0%
Gabon Libreville
0%
Malawi Lilongwe
0%
Comorerne Moroni
0%
Tchad Ndjamena
0%
Niger Niamey
0%
Mauretanien Nouakchott
0%
Benin Porto Novo
0%
Namibia Windhoek
0%
Cameroun Yaounde
0%
No matching quizzes found
Score Distribution
Percent of People with Each Score
Percentile by Number Answered
Your Score History
You have not taken this quiz